| 000 | 01255nam0a2200349 4500 | ||
|---|---|---|---|
| 001 | RU\NLR\BIBL_A\016311016 | ||
| 005 | 20230406152258.0 | ||
| 010 |
_a978-5-907-556-85-0 _94900 |
||
| 021 |
_aRU _bКН-П-23-006253 _9КН-П-23-0610 |
||
| 035 | _a(NLR Aleph) 016311016 | ||
| 035 | _a(RuMoRGB)011567781 | ||
| 090 |
_a13002598 _c13002598 |
||
| 100 | _a20230315d2023 u y0rusy50 ca | ||
| 101 | 0 | _arus | |
| 102 | _aRU | ||
| 105 | _aac||z||||||z| | ||
| 181 | 1 |
_ai3 _baxxe |
|
| 182 | 1 | _an | |
| 200 | 1 |
_aВверх по течению _eпублицистика _fТерентiй Травнiкъ |
|
| 203 |
_aТекст _bвизуальный _cнепосредственный |
||
| 210 |
_aМосква _cБелый Ветер _d2023 |
||
| 215 |
_a247 с. _cил., портр., табл. _d21 |
||
| 320 | _aДр. работы авт.: с. 239-243 (100 назв.) | ||
| 330 | _aКнига предназначена для широкого круга читателей | ||
| 675 |
_a821.161.1-4 _v4 |
||
| 686 | 2 | _aШ6(2=Р)8-47 | |
| 700 | 1 |
_aТравник _bТ. _f1964- _gТерентий _3RU\NLR\AUTH\77100176 |
|
| 942 | _cBOOK | ||
| 980 | _aNB | ||